Estadios Alemania 24/25 - Estadísticas

Estadísticas generales
  • Esta prueba ha sido intentada 5 veces
  • La puntuación promedio es 8 de 56
Estadísticas de respuestas
Hint Respuesta % Correcto
Bayern Munich Allianz Arena
100%
Bayer Leverkusen BayArena
100%
Borussia Dortmund Signal Iduna Park
100%
RB Leipzig Red Bull Arena
60%
Borussia Monchengladbach Borussia Park
40%
Stuttgart Mercedes Benz Arena
40%
Wolfsburgo Volkswagen Arena
40%
Eintracht Frankfurt Deutsche Bank Park
20%
SC Freiburg Europa Park Stadion
20%
Hannover 96 Heinz von Heiden Arena
20%
Holstein Kiel Holstein Stadion
20%
Fortuna Dusseldorf Merkur Spiel Arena
20%
St. Pauli Millerntor Stadion
20%
Hertha Berlin Olympiastadion Berlin
20%
Mainz 05 OPEL Arena
20%
Hoffenheim PreZero Arena
20%
Koln RheinEnergie Stadion
20%
Union Berlin Stadion An der Alten Forsterei
20%
Schalke 04 Veltins Arena
20%
Heidenheim Voith Arena
20%
Hamburger SV Volksparkstadion
20%
VFL Bochum Vonovia Ruhrstadion
20%
Werder Bremen Weserstadion
20%
Augsburgo WWK Arena
20%
Ingolstadt 04 Audi Sportpark
0%
Karlsruher SC BBBank Wildpark
0%
Paderborn Benteler Arena
0%
Wehen Wiesbaden BRITA Arena
0%
Waldhof Mannheim Carl Benz Stadion
0%
Ulm Donaustadion
0%
Hannover 96 II Eilenriedestadion
0%
Eintracht Braunschweig Eintracht Stadion
0%
Kaiserslautern Fritz Walter Stadion
0%
SpVgg Unterhaching Generali Sportpark
0%
1860 Munich Grunwalder Stadion
0%
Sandhausen Hardtwaldstadion
0%
Jahn Regensburg Jahnstadion Regensburg
0%
Nurnberg Max Morlock Stadion
0%
Magdeburg MDCC Arena
0%
Darmstadt 98 Merck Stadion
0%
Alemania Aachen New Tivoli Stadion
0%
Hansa Rostock Ostseestadion
0%
Preuben Munster Preuben Stadion
0%
Dynamo Dresden Rudolf Harbig Stadion
0%
Arminia Bielefeld Schuco Arena
0%
Erzgebirge Aue Sparkassen Erzgebirgsstadion
0%
Verl Sportclub Arena
0%
Viktoria Colonia Sportpark Hohenberg
0%
Greuther Furth Sportpark Ronhof Thomas Sommer
0%
VFL Osnabruck Stadion an der Bremer brucke
0%
Energie Cottbus Stadion der Freundschaft
0%
RW Essen Stadion Essen
0%
Saarbrucken Stadion Ludwigspark
0%
Borussia Dortmund II Stadion Rote Erde
0%
SV Elversberg Waldstadion an der Kaiserlinde
0%
Stuttgart II WIRmachenDRUCK Arena
0%
No se encontraron pruebas coincidentes
Distribución de puntuación
Porcentaje de gente con cada puntuación
Porcentaje por número respondido
Historial de tus puntuaciones
No has intentado esta prueba.